|
|
|
|
| LEADER |
00000nab a2200000 i 4500 |
| 001 |
publ611 |
| 005 |
20150924115829.0 |
| 008 |
150924s2014 hu o 000 zxx d |
| 022 |
|
|
|a 0133-2597
|
| 040 |
|
|
|a BGE Publikációtár Repozitórium
|b hun
|
| 100 |
1 |
|
|a Géring Zsuzsanna
|
| 245 |
1 |
0 |
|a Tartalomelemzés
|b A virtuális és a valós világ határán : Egy vállalati honlap-elemzés bemutatása
|c Géring Zsuzsanna
|h [elektronikus dokumentum]
|
| 260 |
|
|
|a Magyar Szociológiai Társaság
|c 2014
|
| 300 |
|
|
|a 9-24
|
| 490 |
0 |
|
|a Kultúra és közösség
|v IV. folyam V. évfolyam No. 1.
|
| 695 |
|
|
|a honlap
|
| 695 |
|
|
|a tartalomelemzés
|
| 856 |
4 |
0 |
|u https://publikaciotar.uni-bge.hu/id/eprint/611/1/Gering_tartalomelemzes_2014.pdf
|z Dokumentum-elérés
|